Co přináší nová Strategie pro digitální finance Evropské komise?
Digitálne financie ako prostriedok k posilneniu konkurencie na trhu finančných služieb. Európska komisia a Stratégia pre digitálne financie. Jednotný digitálny trh a digitálne inovácie. Európsky priestor pre dáta.
Guardado en:
| Autor principal: | |
|---|---|
| Formato: | Capítulo de libro |
| Lenguaje: | checo |
| Materias: | |
| Etiquetas: |
Sin Etiquetas, Sea el primero en etiquetar este registro!
|
MARC
| LEADER | 00000naa a2200000 4500 | ||
|---|---|---|---|
| 001 | 0273239 | ||
| 005 | 20210427104225.2 | ||
| 041 | 0 | |a cze | |
| 044 | |a CZ | ||
| 245 | 1 | 0 | |a Co přináší nová Strategie pro digitální finance Evropské komise? |c Lenka Franče Rejzková |
| 520 | |a Digitálne financie ako prostriedok k posilneniu konkurencie na trhu finančných služieb. Európska komisia a Stratégia pre digitálne financie. Jednotný digitálny trh a digitálne inovácie. Európsky priestor pre dáta. | ||
| 610 | 2 | 0 | |a financie |
| 610 | 2 | 0 | |a inovácia |
| 610 | 2 | 0 | |a trh |
| 610 | 2 | 0 | |a digitalizácia |
| 610 | 2 | 0 | |a spotrebitelia |
| 100 | 1 | |a Rejzková, Lenka Franče | |